デンキチ全店舗 - Statistics

General Stats
  • This quiz has been taken 12 times
  • The average score is 11 of 22
Answer Stats
ヒント Answer % Correct
熊谷
90%
所沢
90%
飯能
70%
入間
70%
埼玉県
60%
上尾
60%
総合リフォーム
60%
東大宮
50%
さいたま中央
50%
蓮田
50%
川口差間
50%
杉戸
50%
毛呂山
50%
東京都 清瀬
50%
本庄児玉インター
40%
朝霞
40%
小平
40%
川島
30%
千葉県 流山
20%
鴻巣吹上
10%
群馬県 パワーモールおおた
10%
BRANCH調布 三鷹通り
10%
No matching quizzes found
Score Distribution
Percent of People with Each Score
Percentile by Number Answered
Your Score History
You have not taken this quiz